Enzymes stéroïdes - Statistiques

Statistiques générales
  • Ce quiz a été pris 8 fois
  • Le résultat moyen est 4 sur 11
Statistiques - réponses
Enzyme Fonction % Correct
HSD11B1 active cortisol
100%
HSD17 (1-3-5) Dans tissus différents
100%
CYP17A1 17 hydroxylase et 17,20 lyse
50%
CYP19A1 aromatase
50%
CYP11A1 clivage chaîne lateral
50%
HSD11B2 inactive cortisol
50%
CYP21A2 21 hydroxylase
0%
HSD3B1 au niveau périphérique
0%
HSD3B2 Dans gonades Et surrénales
0%
CYP11B1 hydroxylation sur 11
0%
CYP11B2 hydroxylation sur 11,18 et 18 oxydase
0%
Aucun quiz correspondant
Distribution des résultats
% des personnes avec chaque résultat
Percentile par nombre de réponses
Votre historique - résultats
Vous n’avez pas pris ce quiz